| 000 | 01380cam a22002291 4500 | ||
|---|---|---|---|
| 001 | sa 68020396 | ||
| 003 | DLC | ||
| 005 | 20260227112724.0 | ||
| 008 | 750430s1966 xx 000 0 ind | ||
| 010 | _asa 68020396 | ||
| 035 | _a(OCoLC)1305679 | ||
| 040 |
_aDLC _cOAU _dDLC |
||
| 042 | _apremarc | ||
| 050 | 0 | 0 |
_aHC447 _b.M38 |
| 245 | 0 | 0 |
_aMasalah ekonomi dan non-ekonomi; _bkumpulan karangan². |
| 260 |
_aDjakarta, _bLembaga Ekonomi dan Kemasjarakatan Nasional, _c1966. |
||
| 300 |
_a1 v. (various pagings) _c30 cm. |
||
| 505 | 0 | _aSoemardjan, S. Dari prioritas politik ke prioritas ekonomi.--Salim, E. Menjorot kebidjaksanaan ekonomi-keuangan achir 1965 dan awal 1966.--Wardhana, A. Anggaran moneter: alat stabilisasi atau inflasi.--Subroto. Kurs, disparitas dan pungutan².--Hady, H. Prioritas sekarang: rehabilitasi prasarana.--Halim, B. Beberapa segi sistim distribusi bahan pokok.--Tjokroamidjojo, B. Beberapa masalah hambatan-hambatan administratip dalam pembangunan ekonomi.--Soemardjan, S. Beberapa aspek non-ekonomis dalam perentjanaan pembagunan ekonomi.--Soemardi, S. Kerdja-sama Pemerintah dan rakjat.--Sadli, M. Meneropong suatu aspek dari perimbangan kekuatan politik baru: hubungan militer-sipil. | |
| 651 | 0 |
_aIndonesia _xEconomic conditions. |
|
| 651 | 0 |
_aIndonesia _xSocial conditions. |
|
| 710 | 1 |
_aDjakarta. _bLembaga Ekonomi dan Kemasjarakatan Nasional. |
|
| 999 |
_c89399 _d89399 |
||